000 00910nam a2200229 i 4500
001 4178597
005 20241106172850.0
008 790709s1978 enk b 001 0 eng
020 _a0421243902 :
_c£18.00
020 _a0421244003 (pbk.)
050 0 0 _aKD5359
_b.P5 1978
082 0 0 _a343/.41/04
100 1 _aPinson, Barry.
245 1 0 _aPinson on revenue law :
_bcomprising income tax, capital gains tax, development land tax, corporation tax, capital transfer tax, value added tax, stamp duties, tax planning.
250 _a12th ed. /
_bby Barry Pinson ; with sections on value added tax and development land tax by John Gardiner.
260 _aLondon :
_bSweet & Maxwell,
_c1978.
300 _alviii, 647 p. ;
_c25 cm.
_bIndex
500 _aIncludes indexes.
650 0 _aTaxation
_xLaw and legislation
_zGreat Britain.
700 1 _aGardiner, John Ralph,
_ejoint author.
942 _2lcc
_cBK
_e12th Ed.
_n0
999 _c740
_d740